000 01075 a2200229 4500
020 _a0071215581 (hardcover)
020 _a9780071215589 (hardcover)
082 0 4 _a658.15
090 _c5765
_d5765
100 1 _aBrealey, Richard A.
245 1 0 _aFundamentals of corporate finance /
_cRichard A. Brealey, Stewart C. Myers, Alan J. Marcus.
250 _a4th ed.
260 _a[S.l.] :
_bMcGraw-Hill Companies,
_c2003.
300 _a736 p. ;
_c28 cm.
490 1 _aMcgraw-hill/irwin series in finance, insurance, and real estate.
520 _aThis text balances core coverage of the fundamental topics in corporate finance with an emphasis on modern business decision-making. The key principles and mechanics of the time value of money - a central concept - are carefully detailed and illustrated.
700 1 _aMyers, Stewart C.
700 1 _aMarcus, Alan J.
830 0 _aMcgraw-hill/irwin series in finance, insurance, and real estate.
856 4 0 _3Amazon.com
_uhttp://www.amazon.com/exec/obidos/ASIN/0071215581/chopaconline-20
942 _aNBS
_cBK
_k658.1520 BRE
999 _c348165
_d348165